000 01014nam a2200277 i 4500
001 106612
003 ES-MaACL
005 20231005163645.0
007 t|
008 061205s1971 sp ||||1| spa d
080 _a75 Montes, Luis (083.82)
100 1 _aMontes, Luis.
_982556
245 1 0 _aLuis Montes
_b: [exposición, Ateneo de Madrid, Sala Joven - Prado 21, febrero 1971] /
_c[texto: Roberto Reina].
260 _aMadrid :
_bPublicaciones Españolas,
_c1971.
300 _a[8] p. :
_bil. ;
_c20 cm.
490 1 _aSerie IV, Sala Joven ;
_v6 [bis]
600 1 4 _aMontes, Luis-
_vExposiciones.
_982557
610 2 7 _aAteneo de Madrid-
_vExposiciones-
_y1970-1979.
_91921
655 7 _2tgfbne
_9193628
_aCatálogos de exposiciones
700 1 _aReina, Roberto.
_996030
710 2 _aAteneo de Madrid.
_bSala Joven (Prado, 21)
_91966
830 0 _aSerie IV, Sala Joven ;
_v6 [bis]
_9185268
852 _aES-MaACL
_j2211-F-8
_9110665
_bR.138347
_cDEPOF
942 _2udc
_cFOLLETOS
999 _c106612
_d106612